Interrogative Literature Quiz Stats

 Plays Quiz Updated Aug 28, 2017

     
Support Sporcle.
Go Orange.
Score 0/40 Timer 05:00
0 Plays Today
Question Answer Wrong Answers
The Man _____ Would Be King
Rudyard Kipling
Who
91.4%
What
0.1%
When
0.1%
Where
0%
The Man _____ Mistook His Wife for a Hat
Oliver Sacks
Who
91.3%
What
0.1%
When
0.1%
Where
0%
The Girl _____ Played with Fire
Stieg Larsson
Who
91.3%
What
0.1%
When
0.2%
Where
0%
The Spy _____ Loved Me
Ian Fleming
Who
91.3%
What
0.1%
When
0.1%
Where
0%
The Girl _____ Loved Tom Gordon
Stephen King
Who
91.2%
What
0.2%
When
0.1%
Where
0.1%
The Spy _____ Came in from the Cold
John le Carré
Who
91.2%
What
0.1%
When
0.2%
Where
0.1%
_____ Ever Happened to Baby Jane?
Henry Farrell
What
91%
Who
0.2%
When
0.2%
Where
0.2%
Fantastic Beasts and _____ to Find Them
J.K. Rowling
Where
91%
Who
0.2%
What
0.1%
When
0.4%
_____ Was She Thinking? Notes on a Scandal
Zoë Heller
What
90.9%
Who
0.4%
When
0.2%
Where
0.2%
_____ Color is Your Parachute?
Richard N. Bolles
What
90.9%
Who
0.2%
When
0.2%
Where
0.3%
_____ Moved My Cheese?
Spencer Johnson
Who
90.8%
What
0.5%
When
0.2%
Where
0.2%
_____ We Were Very Young
A.A. Milne
When
90.5%
Who
0.2%
What
0.2%
Where
0.8%
_____ Happened to the Corbetts?
Nevil Shute
What
90.5%
Who
0.5%
When
0.3%
Where
0.3%
_____ They Don't Teach You at Harvard Business School
Mark McCormack
What
90.5%
Who
0.3%
When
0.6%
Where
0.2%
_____ the Wild Things Are
Maurice Sendak
Where
90.4%
Who
0.2%
What
0.6%
When
0.3%
_____ Did I Come From?
Peter Mayle
Where
90.1%
Who
0.6%
What
0.4%
When
0.5%
What to Expect _____ You're Expecting
Heidi Murkoff & Sharon Mazel
When
90%
Who
0.3%
What
0.9%
Where
0.4%
_____ Do You Think You Are?
Alice Munro
Who
89.7%
What
1%
When
0.1%
Where
0.8%
_____ the Game Was Ours
Larry Bird, Magic Johnson, and Jackie MacMullan
When
89.5%
Who
0.3%
What
0.9%
Where
0.9%
_____ the Red Fern Grows
Wilson Rawls
Where
89.1%
Who
0.2%
What
0.2%
When
2%
_____ Will There Be Good News?
Kate Atkinson
When
88.7%
Who
0.4%
What
1.3%
Where
1.1%
_____ the Heart Is
Billie Letts
Where
88.5%
Who
0.3%
What
2.2%
When
0.5%
Horton Hears a _____!
Dr. Seuss
Who
87.8%
What
3.4%
When
0.3%
Where
0.2%
_____ You Are Engulfed in Flames
David Sedaris
When
87.1%
Who
1%
What
0.6%
Where
2.6%
What We Talk About _____ We Talk About Anne Frank
Nathan Englander
When
87%
Who
2.6%
What
1.4%
Where
0.6%
_____ are the Children?
Mary Higgins Clark
Where
86.8%
Who
4.1%
What
0.3%
When
0.5%
_____ the Dog Saw: And Other Adventures
Malcolm Gladwell
What
86.6%
Who
3.9%
When
0.6%
Where
0.4%
What I Talk About _____ I Talk About Running
Haruki Murakami
When
86.5%
Who
0.6%
What
2.6%
Where
1.8%
_____ the Sidewalk Ends
Shel Silverstein
Where
86.5%
Who
0.2%
What
0.1%
When
4.7%
Brown Bear, Brown Bear, _____ Do You See?
Bill Martin, Jr.
What
85.9%
Who
5.3%
When
0.1%
Where
0.2%
_____ We Rise: My Life in the Movement
Cleve Jones
When
85.4%
Who
0.5%
What
0.6%
Where
5%
_____ Angels Fear to Tread
E.M. Forster
Where
84.9%
Who
0.6%
What
2.9%
When
3.2%
_____ the Bough Breaks
Jonathan Kellerman
When
84.8%
Who
0.6%
What
1%
Where
5.1%
_____ Alice Forgot
Liane Moriarty
What
79%
Who
5.6%
When
6.4%
Where
0.4%
This Is _____ I Leave You
Jonathan Tropper
Where
72.6%
Who
0.3%
What
6.1%
When
12.7%
_____ Eagles Dare
Alistair MacLean
Where
70.9%
Who
0.5%
What
4.9%
When
15.3%
_____ It Is
Lynda Barry
What
67.2%
Who
8%
When
1.4%
Where
14.9%
_____ Is Rich?
Matthew Klam
Who
66%
What
22.5%
When
0.2%
Where
3%
_____ Is the _____
Dave Eggers
What
45.6%
Who
23.5%
When
6.9%
Where
15.2%
_____ the Wind Blows
James Patterson
When
43.7%
Who
0.2%
What
0.5%
Where
47.5%

From the Vault

Are You Ready to Rock?

by beforever

Music 5m
This quiz rocks so hard you don't even need to roll.
Remove Ads.
Support Sporcle.
Get the best of Sporcle when you Go Orange. This ad-free experience offers more features, more stats, and more fun while also helping to support Sporcle. Thank you for becoming a member.

Show Comments

Extras

Top Quizzes Today


Score Distribution

Your Account Isn't Verified!

In order to create a playlist on Sporcle, you need to verify the email address you used during registration. Go to your Sporcle Settings to finish the process.

Report this User

Report this user for behavior that violates our Community Guidelines.

Details: